[Event "Olympiad Women 2024"]
[Site "Budapest HUN"]
[Date "2024.09.16"]
[Round "6.47"]
[Board "1"]
[White "Mayorga Araya, Sofia"]
[Black "Laamim, Roaa"]
[Result "1-0"]
[WhiteElo "2059"]
[BlackElo "1879"]
[PlyCount "75"]
[EventDate "2024.09.11"]
[WhiteTeam "Costa Rica"]
[BlackTeam "Morocco"]
[WhiteTeamCountry "CRI"]
[BlackTeamCountry "MAR"]

1. e4 {Bulletin} e5 2. Nf3 Nc6 3. Bb5 a6 4. Ba4 Nf6 5. Qe2 b5 6. Bb3 Bc5 7. c3 O-O 8. O-O d5 9. d3 d4 10. h3 ({RR} 10. Bg5 h6 11. Bxf6 Qxf6 12. Bd5 dxc3 13. bxc3 Bd7 14. Nbd2 Rad8 15. a4 Ne7 16. axb5 axb5 17. Rfd1 Ng6 18. g3 Bh3 19. d4 exd4 20. cxd4 Bxd4 21. Nxd4 Qxd4 22. Rac1 Qf6 23. Rc6 Qe7 24. Nf3 Kh8 {0-1 Ljubojevic,L (2580)-Sokolov,I (2645) Linares 13th 1995 (5)}) ({RR} 10. Nbd2 Qe7 11. Rd1 dxc3 12. bxc3 b4 13. Bb2 Nh5 14. cxb4 Nf4 15. Qf1 Bxb4 16. Bd5 Nxd5 17. exd5 Nd4 18. Nxd4 exd4 19. Bxd4 Qg5 20. Nc4 Qxd5 21. Bb2 a5 22. Rac1 Ra6 23. a3 Be7 24. Re1 Bf6 {1-0 Krzywnicka,M (1912)-Siekanska,Z (1910) TCh-POL 2nd League 2024 (2.12)}) 10... h6 11. Nbd2 a5 $146 ({RR} 11... Qd6 12. Rd1 Rd8 13. Nf1 a5 14. a3 a4 15. Ba2 Be6 16. Bxe6 fxe6 17. Ng3 Rd7 18. Kh1 Nh7 19. Nh2 Qe7 20. Ng4 Rf8 21. Qc2 dxc3 22. bxc3 h5 23. Ne3 h4 24. Ngf1 Na5 25. Ra2 Nb3 26. Bb2 {0-1 Huang,A (2099)-Yang,K (2398) US Masters op 2016 (1)}) ({RR} 11... dxc3 12. bxc3 Nh5 13. Rd1 Nf4 14. Qf1 Qxd3 15. Bd5 Bb7 16. Nb3 Qxf1+ 17. Kxf1 Bd6 18. Bxf4 exf4 19. a4 Rab8 20. axb5 axb5 21. e5 Nxe5 22. Bxb7 Rxb7 23. Nxe5 Bxe5 24. Nc5 Rbb8 25. Nd7 Bxc3 26. Rab1 {0-1 Lin,C (2332)-Liang,C (2524) CHN-chT Torch Real Estate Cup 2005 (9)}) ({RR} 11... dxc3 12. bxc3 Nh5 13. d4 exd4 14. Nxd4 Bxd4 15. cxd4 Nf4 16. Qe3 Nxd4 17. Kh1 Nfe6 18. Bb2 c5 19. Bd5 Rb8 20. Nb3 Bb7 21. Nxc5 Nxc5 ({RR} 21... Bxd5 22. exd5 ({RR} 22. Bxd4 Nxd4 23. Qxd4 Bc4 24. Rfd1 Qxd4 25. Rxd4 Rfd8) 22... Qxd5 23. Nxa6 Nf5 24. Qb3) 22. Qxd4 Ne6 23. Qe5 Qg5 ({RR} 23... Qe7 24. Rac1 Rbc8 25. f4 Bxd5 26. exd5) 24. f4 Nxf4 25. Rxf4 ({RR} 25. Qxf4 Qxf4 26. Rxf4 Bxd5 27. exd5 Rbd8 28. Raf1) 25... Bxd5 26. exd5 {1-0 Leuschner,G (1876)-Weigel,H (2177) Bayern-ch Seniors 09th 1997 (5)}) 12. a4 dxc3 13. bxc3 b4 14. Bb2 bxc3 15. Bxc3 Nd4 16. Qd1 Re8 17. Ba2 Bb4 18. Bxb4 axb4 19. Nxd4 Qxd4 20. Qc2 Ba6 21. Rfd1 Qd7 22. Nf3 Rac8 23. d4 exd4 24. Rxd4 Qe7 25. e5 Nd7 26. Qc6 Nb6 27. a5 Be2 28. axb6 Bxf3 29. Qxf3 cxb6 30. Rad1 Rc3 31. R4d3 Rxd3 32. Rxd3 Qa7 33. Bb3 Kh8 34. Bxf7 Rc8 35. Rd1 Qe7 36. e6 Rd8 37. Rxd8+ Qxd8 38. e7 1-0

[Event "Olympiad Women 2024"]
[Site "Budapest HUN"]
[Date "2024.09.16"]
[Round "6.47"]
[Board "3"]
[White "Acevedo Mendez, Jennifer"]
[Black "El Harrak, Maryam"]
[Result "1-0"]
[WhiteElo "1836"]
[BlackElo "1639"]
[PlyCount "51"]
[EventDate "2024.09.11"]
[WhiteTeam "Costa Rica"]
[BlackTeam "Morocco"]
[WhiteTeamCountry "CRI"]
[BlackTeamCountry "MAR"]

1. e4 c6 2. d4 d5 3. e5 Bf5 4. Nf3 e6 5. Be2 Nd7 6. O-O c5 7. c3 a6 ({RR} 7... cxd4 8. cxd4 Ne7 9. Be3 Nc6 10. a3 Be7 11. b4 O-O 12. Nc3 Nb6 13. Bd3 Bxd3 14. Qxd3 Nc4 15. Nd2 N4xe5 16. dxe5 d4 17. Nf3 dxe3 18. Qxe3 Qb6 19. Qxb6 axb6 20. Nb5 Rfd8 21. Rfd1 g6 22. Kf1 {½-½ Masternak,G (2395)-Meduna,E (2445) CZE-chT 9596 1995 (1)}) 8. Be3 ({RR} 8. h3 h6 9. Be3 Rc8 10. Nbd2 Qb6 11. b3 f6 12. g4 Bh7 13. c4 fxe5 14. dxe5 d4 15. Bf4 d3 16. Re1 dxe2 17. Qxe2 Qc6 18. g5 Ne7 19. gxh6 gxh6 20. Nh4 Rg8+ 21. Kh2 Nf5 22. Qh5+ Kd8 {0-1 Zenuni,S (1942)-Haliti,F FRM-chT qual Gr-B 2020 (4.4)}) 8... Qc7 $146 ({RR} 8... c4 9. b3 b5 10. a4 h6 11. Nbd2 Ne7 12. Ra2 Nc6 13. Qa1 Rc8 14. axb5 axb5 15. Qb2 Be7 16. Rfa1 O-O 17. Bd1 Kh8 18. bxc4 bxc4 19. Ba4 Rb8 20. Qc1 Qc7 21. h3 Rb6 22. Bc2 Bxc2 23. Qxc2 {½-½ Wuestehube,H (2011)-Shkolnyk,B (1879) Korbach op-A 2nd 2008 (6)}) ({RR} 8... Rc8 9. Ne1 Qb6 10. b3 cxd4 11. cxd4 Ne7 12. Nd2 Nc6 13. Kh1 Bb4 14. g4 Bg6 15. f4 Ne7 16. Ndf3 h5 17. Ng5 hxg4 18. Bxg4 Nf5 19. Bxf5 Bxf5 20. Rc1 Rxc1 21. Qxc1 {½-½ Schulzke,E-Heger,D Klinge U20 1993 (1)}) ({RR} 8... cxd4 9. cxd4 Ne7 10. Nc3 Nc6 11. a3 Be7 12. Rc1 O-O 13. Ne1 Rc8 14. g4 Bg6 15. f4 f6 16. f5 Bf7 17. fxe6 Bxe6 18. exf6 Bxf6 19. Bf3 Nb6 20. b3 Qe7 21. Ng2 Bg5 22. Qd2 Bxe3+ 23. Qxe3 {½-½ Baier,H (1968)-Hecker,P (1933) Regionalliga SO 1011 2010 (3.7)}) 9. Nh4 Bg6 10. Nxg6 hxg6 11. Nd2 Be7 12. Nf3 Nh6 13. Rc1 c4 14. b3 b5 15. Qd2 O-O 16. Bxh6 gxh6 17. Qxh6 Rfe8 18. Ng5 Bxg5 19. Qxg5 Kg7 20. f4 Qd8 21. Qg3 Kh7 22. Rf3 Rh8 23. Rcf1 Qe7 24. f5 g5 25. f6 Qf8 26. Qxg5 1-0

[Event "Olympiad Women 2024"]
[Site "Budapest HUN"]
[Date "2024.09.16"]
[Round "6.47"]
[Board "4"]
[White "El Barbry, Sarah"]
[Black "Bogantes Robleto, Karina"]
[Result "1-0"]
[WhiteElo "1862"]
[BlackElo "1766"]
[PlyCount "115"]
[EventDate "2024.09.11"]
[WhiteTeam "Morocco"]
[BlackTeam "Costa Rica"]
[WhiteTeamCountry "MAR"]
[BlackTeamCountry "CRI"]

1. e4 c5 2. Nf3 Nc6 3. Bb5 g6 4. Bxc6 dxc6 5. d3 Bg7 6. h3 Nf6 7. Nc3 Nd7 8. Be3 e5 9. Qd2 h6 10. O-O b6 11. Nh2 Nf8 12. f4 exf4 13. Rxf4 Ne6 14. Rf2 Nd4 ({RR} 14... O-O 15. Bxh6 Bxh6 16. Qxh6 Qg5 17. Qxg5 Nxg5 18. Nf3 Nxf3+ 19. Rxf3 Kg7 20. g4 Be6 21. a4 a5 22. b3 Rad8 23. Kg2 Rh8 24. Kg3 g5 25. Nd1 Rh6 26. Ne3 Rdh8 27. Rh1 Rf6 28. Rhf1 Rfh6 29. Kg2 {0-1 Keller,P (2289)-Van Roon,S (2242) Titled Tue 16th Jan Late 2024 (6)}) 15. Raf1 Be6 16. Kh1 $146 ({RR} 16. Ng4 h5 17. Bg5 Qd6 18. e5 Qc7 19. Nf6+ Kf8 20. Qf4 Rd8 21. Nce4 a5 22. a4 Rd5 23. Nxd5 cxd5 24. Nd6 Nf5 25. g4 hxg4 26. hxg4 Nxd6 27. exd6 Qd7 28. Be7+ Kg8 29. Rh2 Bxb2 30. Rxh8+ Bxh8 {1-0 Davis,C (1783)-Pal,R (1935) Newcastle Northumbria Masters 2022 (8)}) ({RR} 16. Ng4 g5 17. Nf6+ Bxf6 18. Rxf6 Qc7 19. Kh1 O-O-O 20. Bg1 Qd7 21. Bh2 Rdg8 22. a4 a5 23. Nd1 h5 24. c3 Nb3 25. Qf2 h4 26. Ne3 Rh7 27. Nc4 Bxc4 28. dxc4 Nd2 29. Re1 Nb3 30. Rd6 {1-0 Warchol,K (1755)-Starosciak,S (1864) POL-ch U20 Pokrzywna 2020 (3)}) ({RR} 16. b3 Qc7 17. Ne2 Nxe2+ 18. Qxe2 O-O-O 19. Bf4 Qe7 20. a4 a5 21. Kh1 Kb7 22. Nf3 Rhf8 23. Be5 f6 24. Ba1 Rf7 25. Nh4 g5 26. Nf5 Bxf5 27. Rxf5 Rdf8 28. R1f3 Qd7 29. Qf1 Qe6 30. e5 Bh8 {1-0 Rostami,M (1881)-Sukiasyan,V (1634) RBI op Qualifier 1 blitz 2020 (9)}) 16... Qd7 17. b3 O-O-O 18. a4 a5 19. Ne2 Nxe2 20. Qxe2 f5 21. Nf3 fxe4 22. dxe4 g5 23. Nh2 Rhf8 24. Rxf8 Bxf8 25. Rf6 Kb7 26. Rf1 Bg7 27. Ng4 Bxg4 28. Qxg4 Qxg4 29. hxg4 Rd7 30. Re1 Be5 31. Kg1 Bg3 32. Bf2 Bxf2+ 33. Kxf2 Rd2+ 34. Ke3 Rd6 35. e5 Rd4 36. Kf3 Kc7 37. Rh1 Rf4+ 38. Kg3 Re4 39. Rxh6 Rxe5 40. Kf3 Kb7 41. Rh7+ Kc8 42. Rf7 Rd5 43. Rg7 Kb8 44. g3 Kc8 45. Ke4 Rd2 46. Rxg5 Rxc2 47. Rf5 Re2+ 48. Kf4 Rb2 49. g5 Rxb3 50. g6 Rb1 51. g7 Rf1+ 52. Kg5 Rxf5+ 53. Kxf5 b5 54. g8=Q+ Kb7 55. g4 c4 56. g5 c3 57. Qg7+ Kb6 58. Qxc3 1-0

[Event "Olympiad Women 2024"]
[Site "Budapest HUN"]
[Date "2024.09.16"]
[Round "6.48"]
[Board "1"]
[White "Kanyamarala, Trisha"]
[Black "Feng, Eunice"]
[Result "1/2-1/2"]
[WhiteElo "2179"]
[BlackElo "1974"]
[PlyCount "72"]
[EventDate "2024.09.11"]
[WhiteTeam "Ireland"]
[BlackTeam "Hong Kong, China"]
[WhiteTeamCountry "IRL"]

1. d4 d5 2. c4 c6 3. Nc3 Nf6 4. e3 e6 5. Nf3 Nbd7 6. Bd3 dxc4 7. Bxc4 b5 8. Bb3 Bb7 9. O-O a6 10. e4 b4 ({RR} 10... c5 11. e5 cxd4 12. Qxd4 Bc5 13. Qf4 Nd5 14. Nxd5 Bxd5 15. Bxd5 exd5 16. Qg4 g6 17. Bh6 Nf8 18. Bg7 Rg8 19. Bf6 Qd7 20. Qh4 h5 21. Rad1 Ne6 22. Ng5 Be7 23. Ne4 g5 24. Qxh5 O-O-O 25. Qxf7 {1-0 Hungaski,R (2471)-Liu,Y (2268) Titled Tue 4th Jun Late 2024 (3)}) 11. Na4 ({RR} 11. e5 bxc3 12. exf6 Nxf6 13. bxc3 Bd6 14. Rb1 Rb8 15. c4 h6 16. c5 Bc7 17. Ne5 Bxe5 18. dxe5 Qxd1 19. Rxd1 Nd7 20. f4 Ke7 21. Be3 Rhd8 22. Bc4 Ke8 23. Kf2 Bc8 24. a4 Ke7 25. Rxb8 Nxb8 {½-½ Adhiban,B (2659)-Smirnov,A (2597) Asia Nations online Cup final rapid 2020 (6.1)}) 11... Nxe4 12. Re1 Ndf6 $146 ({RR} 12... Nef6 13. Bxe6 fxe6 14. Ng5 Be7 15. Nxe6 Qa5 16. Nac5 Nxc5 17. dxc5 Rd8 18. Nxg7+ Kf7 19. Qb3+ Rd5 20. Nf5 Bf8 21. Bf4 Bc8 22. Nd6+ Bxd6 23. Bxd6 Be6 24. Rxe6 Kxe6 25. Re1+ Kd7 26. Qh3+ Kd8 27. Be7+ {1-0 Monell Camarasa,D (2266)-Perez Garcia,A (1970) La Roda op 40th 2013 (8)}) ({RR} 12... Nef6 13. Ng5 Be7 14. Bxe6 O-O 15. Qe2 Nd5 16. Bxd5 Bxg5 17. Bxg5 Qxg5 18. Bf3 Rad8 19. Rad1 Nf6 20. Qe5 Qg6 21. Nc5 Bc8 22. Bxc6 Ng4 23. Qc7 Qc2 24. Qf4 Qxb2 25. d5 Qc2 26. Ne4 Qxa2 27. d6 {1-0 Koneru,H (2586)-Abdumalik,Z (2495) Olympiad Women-44 2022 (10.1)}) ({RR} 12... Nef6 13. Ng5 Be7 14. Bxe6 fxe6 15. Nxe6 Qa5 16. Nac5 Nxc5 17. dxc5 Kf7 18. Ng5+ Kf8 19. Rxe7 Kxe7 20. Qd6+ Ke8 21. Qe6+ Kd8 22. Nf7+ Kc7 23. Bf4# {1-0 Bluebaum,M (2670)-Seo,J (2453) Titled Tuesday intern op 02nd Mar blitz 2021 (10)}) 13. Qc2 c5 14. Nxc5 Bxc5 15. Ba4+ Ke7 16. dxc5 Bd5 17. Bf4 Rc8 18. c6 Qa5 19. Nd2 Nc5 20. Nb3 Bxb3 21. axb3 Nd5 22. Be5 f6 23. Bd4 Nxa4 24. bxa4 Kf7 25. Rac1 Rhd8 26. Qxh7 Qxa4 27. Qh5+ Kg8 28. c7 Rxc7 29. Rxc7 Nxc7 30. Bxf6 gxf6 31. Qg6+ Kf8 32. Qxf6+ Ke8 33. Rxe6+ Nxe6 34. Qxe6+ Kf8 35. Qf6+ Ke8 36. Qe6+ Kf8 1/2-1/2

[Event "Olympiad Women 2024"]
[Site "Budapest HUN"]
[Date "2024.09.16"]
[Round "6.48"]
[Board "2"]
[White "Lou, Yuxin"]
[Black "O'Gorman, Alice"]
[Result "0-1"]
[WhiteElo "1654"]
[BlackElo "1996"]
[PlyCount "64"]
[EventDate "2024.09.11"]
[WhiteTeam "Hong Kong, China"]
[BlackTeam "Ireland"]
[BlackTeamCountry "IRL"]

1. d4 d5 2. c4 e6 3. Nc3 a6 4. Nf3 dxc4 5. a4 Nc6 6. e4 Na5 7. Bf4 ({RR} 7. Be3 c6 8. Ne5 b5 9. Qf3 Nf6 10. Nxf7 Kxf7 11. e5 Bb7 12. Be2 c5 13. d5 exd5 14. exf6 g6 15. axb5 axb5 16. Nxb5 Bc6 17. Nc3 d4 18. Ne4 h6 19. O-O Qd5 20. Bd2 d3 21. Bd1 Qxe4 {0-1 Li,D (2450)-Li,C (2725) CHN-chT Hangzhou 2018 (8.1)}) ({RR} 7. d5 exd5 8. Qxd5 Qxd5 9. Nxd5 Kd8 10. Bf4 c6 11. Nb6 Bb4+ 12. Ke2 Nf6 13. Rd1+ Ke7 14. Nxa8 Nxe4 15. Nd2 Nxd2 16. Bxd2 Bxd2 17. Kxd2 Bg4 18. Re1+ Kd6 19. Nb6 Kc5 20. Nxc4 Nxc4+ 21. Bxc4 Kxc4 {1-0 Vishtal,O (1630)-Bakurov,I (1434) Korchnoi Mem Open 2024 (3.182)}) 7... Bb4 8. d5 $146 ({RR} 8. Qc2 Nf6 9. Rd1 b5 10. Bg5 h6 11. Bh4 Bb7 12. d5 exd5 13. e5 g5 14. Nxg5 hxg5 15. Bxg5 Qd7 16. Bxf6 Rh6 17. Be2 d4 18. O-O Rg6 19. Ne4 Qh3 20. g3 Rh6 21. Bh4 Rxh4 22. gxh4 O-O-O {1-0 Prohorov,O (2086)-Sainz Aguirre,I (1829) Titled Tue 18th Jul Late 2023 (10)}) 8... exd5 9. Qxd5 Qxd5 10. exd5 Nf6 11. Rd1 O-O 12. Be2 Re8 13. Bxc7 Bf5 14. Kf1 Rac8 15. Bb6 Nb3 16. Nd4 Nxd4 17. Bxd4 Bd7 18. Bxf6 gxf6 19. Rd4 Bxc3 20. bxc3 Bxa4 21. Bxc4 b5 22. Bd3 Rxc3 23. g3 Rd8 24. Kg2 Bb3 25. Be4 a5 26. Rb1 a4 27. Rb4 Rc4 28. Rxc4 Bxc4 29. f3 a3 30. Ra1 a2 31. Kf2 b4 32. Bc2 b3 0-1

[Event "Olympiad Women 2024"]
[Site "Budapest HUN"]
[Date "2024.09.16"]
[Round "6.49"]
[Board "1"]
[White "Nahed Galab"]
[Black "Castillo Beitia, Ashley Alexandra"]
[Result "0-1"]
[WhiteElo "1693"]
[BlackElo "2071"]
[PlyCount "86"]
[EventDate "2024.09.11"]
[WhiteTeam "Sudan"]
[BlackTeam "Panama"]
[WhiteTeamCountry "SUD"]
[BlackTeamCountry "PAN"]

1. Nf3 d5 2. d4 c6 3. g3 Nf6 4. Bg2 Bf5 5. c4 e6 6. O-O Be7 7. Nc3 Ne4 8. cxd5 exd5 9. Nd2 ({RR} 9. Qb3 Qb6 10. Qxb6 axb6 11. Nxe4 Bxe4 12. Bf4 Nd7 13. h4 b5 14. Rfe1 O-O 15. Bh3 Nb6 16. Ne5 Nc4 17. Nxc4 bxc4 18. h5 h6 19. f3 Bh7 20. e4 Bb4 21. Re2 Rfd8 22. e5 c3 23. Bc1 c5 {0-1 Mena,M (1971)-Denisenko,D (1989) Titled Tue 16th Apr Late 2024 (5)}) 9... Nxd2 10. Qxd2 O-O 11. e4 $146 ({RR} 11. b3 Bf6 12. Bb2 Nd7 13. e4 dxe4 14. Nxe4 Be7 15. Qc3 Nf6 16. Nc5 Rb8 17. Rad1 Nd5 18. Qd2 Re8 19. a3 Qc8 20. Rfe1 Bh3 21. Bh1 Bg4 22. f3 Bh5 23. g4 Bg6 24. h3 Qc7 25. Re5 Bd6 {1-0 Chiadthaisong,K (1183)-Kaewwattha,N (1179) THA-ch (Women) 2021 (6)}) ({RR} 11. a3 Nd7 12. f3 Bg6 13. e4 dxe4 14. fxe4 Qb6 15. Kh1 Rad8 16. Qf2 Nf6 17. Rd1 Bh5 18. Rd3 Ng4 19. Qg1 Ne5 20. Nd5 Rxd5 21. exd5 Nxd3 22. dxc6 Nxc1 23. Rxc1 bxc6 24. b4 Bf6 25. Rc5 Bg6 {0-1 Babos,Z (1953)-Buzeti,J (2199) HUN-chT2 Szechenyi 0809 2008 (1.4)}) 11... dxe4 12. Nxe4 Na6 13. a3 Qd7 14. Qc3 Bh3 15. b4 Bxg2 16. Kxg2 Qd5 17. f3 Nc7 18. Bb2 Rad8 19. Rad1 f5 20. Nf2 Bf6 21. Qc5 Qxc5 22. bxc5 Rf7 23. Rd3 Rfd7 24. Rfd1 Kf7 25. a4 Ne6 26. Ba1 Bxd4 27. Bxd4 Rxd4 28. Rxd4 Rxd4 29. Rxd4 Nxd4 30. Nd3 Ke6 31. Kf2 Kd5 32. Ke3 Ne6 33. h4 Nxc5 34. Nf4+ Ke5 35. a5 Ne6 36. Ne2 g6 37. Nc3 f4+ 38. gxf4+ Nxf4 39. Kf2 Kd4 40. Ne4 b5 41. axb6 axb6 42. Kg3 Ne6 43. Nf6 b5 0-1

[Event "Olympiad Women 2024"]
[Site "Budapest HUN"]
[Date "2024.09.16"]
[Round "6.49"]
[Board "3"]
[White "Sabreen Oraby"]
[Black "Vasquez Jaen, Lourdes Lorena"]
[Result "1/2-1/2"]
[WhiteElo "1812"]
[BlackElo "1821"]
[PlyCount "87"]
[EventDate "2024.09.11"]
[WhiteTeam "Sudan"]
[BlackTeam "Panama"]
[WhiteTeamCountry "SUD"]
[BlackTeamCountry "PAN"]

1. c4 e5 2. g3 Nc6 3. Bg2 Bc5 4. e3 a6 5. Nc3 d6 6. Nge2 Ba7 7. O-O h5 8. d4 h4 9. b4 ({RR} 9. Bxc6+ bxc6 10. dxe5 Bh3 11. Re1 dxe5 12. Qxd8+ Rxd8 13. b3 Nf6 14. Ba3 Ng4 15. Rad1 hxg3 16. Nxg3 Rxd1 17. Nxd1 g6 18. c5 f5 19. b4 e4 20. Nb2 Ne5 21. Rc1 Nf3+ 22. Kh1 Bg4 23. Nf1 Ne5 {1-0 Pragnya H G (1900)-Alahakoon,I (1886) Titled Tue 2nd Apr Early 2024 (5)}) 9... hxg3 10. fxg3 Bh3 $146 ({RR} 10... Nf6 11. b5 axb5 12. cxb5 Ne7 13. a4 Bh3 14. Bxh3 Rxh3 15. Kg2 Qc8 16. a5 Ng4 17. b6 Rxh2+ 18. Kg1 Bxb6 19. axb6 Rxa1 20. Nb5 Nxe3 21. Nxc7+ Kd8 22. Qb3 Rg2+ {0-1 Doeres,H (2206)-Lauer,M (2242) Landesliga Nord 0607 2006 (1.1)}) ({RR} 10... Bg4 11. b5 Nxd4 12. bxa6 Nxe2+ 13. Nxe2 bxa6 14. Bc6+ Kf8 15. Qd3 Nf6 16. Nc3 Bh3 17. Rf3 Rb8 18. Ne4 Nxe4 19. Bxe4 Rh6 20. Ba3 Be6 21. Raf1 Kg8 22. Bd5 Qe7 23. c5 Rd8 24. Bxe6 Qxe6 25. Qxa6 {0-1 Mintenko,H (1824)-Ninov,D (2142) Golden Sands op-B 2015 (1)}) 11. b5 Nce7 12. bxa6 Qd7 13. Rf2 Bxg2 14. Kxg2 Nf6 15. axb7 Rb8 16. Qf1 Ng4 17. Rxf7 Nxh2 18. Qf2 Qh3+ 19. Kg1 Ng4 20. Rxe7+ Kxe7 21. Nd5+ Kd8 22. Qg2 Qxg2+ 23. Kxg2 Rxb7 24. Kf3 Nh2+ 25. Ke4 c6 26. Ndc3 exd4 27. exd4 Re7+ 28. Kd3 Nf3 29. Bf4 Rhe8 30. Rf1 Nh2 31. Rh1 Ng4 32. Rf1 Nh2 33. Rh1 Ng4 34. Rf1 Rf8 35. Rb1 Nf2+ 36. Kc2 Ne4 37. Nxe4 Rxe4 38. Kd3 Rfe8 39. Rb7 Rxe2 40. Rxa7 g6 41. a4 Ra2 42. Ra8+ Kd7 43. Rxe8 Kxe8 44. Bxd6 1/2-1/2

[Event "Olympiad Women 2024"]
[Site "Budapest HUN"]
[Date "2024.09.16"]
[Round "6.50"]
[Board "1"]
[White "Bantiwalu, Aster"]
[Black "Granados Ortiz, Maria Jose"]
[Result "1/2-1/2"]
[WhiteElo "1704"]
[BlackElo "1935"]
[PlyCount "141"]
[EventDate "2024.09.11"]
[WhiteTeam "Ethiopia"]
[BlackTeam "Nicaragua"]
[WhiteTeamCountry "ETH"]
[BlackTeamCountry "NCA"]

1. e4 Nf6 2. Nc3 d5 3. e5 Ne4 4. Nxe4 dxe4 5. d4 exd3 6. Bxd3 Nc6 7. f4 ({RR} 7. Nf3 Nb4 8. Bb5+ Bd7 9. Bxd7+ Qxd7 10. Bd2 e6 11. O-O Rd8 12. Qe2 Qc6 13. Rfd1 h6 14. c4 Be7 15. Bxb4 Rxd1+ 16. Rxd1 Bxb4 17. a3 Be7 18. b4 Qa4 19. Rd3 a5 20. Qe4 axb4 21. c5 Bxc5 {0-1 Wastney,S (2388)-Dive,R (2429) Wellington CC Autumn Cup-A 2012 (1)}) 7... e6 ({RR} 7... Nb4 8. Bb5+ c6 9. Qxd8+ Kxd8 10. Ba4 Bf5 11. Kd1 Kc7 12. a3 Rd8+ 13. Bd2 Nd5 14. Ke2 e6 15. Nf3 Bc5 16. b4 Be3 17. Bxe3 Nc3+ 18. Kf2 Nxa4 19. c4 Nb2 20. Bxa7 Nxc4 21. Rac1 Nxa3 22. Bc5 {0-1 Slavin,A (2364)-Assylov,M (2270) Titled Tue 19th Mar Early 2024 (2)}) ({RR} 7... Qd5 8. Qf3 Qxf3 9. Nxf3 e6 10. Be3 Bd7 11. a3 Ne7 12. c4 Nf5 13. Bd2 Bc6 14. b4 Rd8 15. Bc2 Nd4 16. Bd1 Be7 17. Rg1 Bxf3 18. gxf3 Bh4+ 19. Kf1 Nxf3 20. Bxf3 Rxd2 21. Rg2 Rd4 22. Rg4 {0-1 Rodriguez Guerrero,D (1406)-Granados Ortiz,M (1708) Managua Hurtado Memorial op 2021 (2)}) 8. Nf3 Bc5 9. Qe2 Bd7 $146 ({RR} 9... Nb4 10. Be4 O-O 11. a3 Nc6 12. Bxh7+ Kh8 13. Be4 g6 14. c3 Kg7 15. Be3 Qe7 16. Rd1 Rb8 17. Qf2 Bxe3 18. Qxe3 Na5 19. Qxa7 Nc4 20. Qf2 Bd7 21. O-O Rh8 22. Rd4 Nb6 23. Ng5 Rh6 24. Rfd1 {1-0 Schmitzer,P (2135)-Theumer,L Bad Aibling op 46th 1997 (7)}) ({RR} 9... b6 10. Be3 Bxe3 11. Qxe3 Bb7 12. O-O-O Qe7 13. Rhg1 Nb4 14. Bb5+ c6 15. Bc4 b5 16. Bb3 a5 17. a4 bxa4 18. Bxa4 Nd5 19. Qd2 Qb4 20. Bb3 Qxf4 21. c4 Qxd2+ 22. Rxd2 Nf4 23. c5 O-O 24. g3 {0-1 Kobill,I-Sakada,C (1893) Parana-ch (Women) 2011 (3)}) 10. Be3 Qe7 11. O-O Nb4 12. Bxc5 Qxc5+ 13. Kh1 Nd5 14. Ng5 h6 15. Ne4 Qb6 16. c3 O-O-O 17. a3 Bc6 18. c4 Ne3 19. Rf3 Nf5 20. c5 Qb3 21. Rh3 Qd5 22. b4 Nd4 23. Qf2 Qd7 24. Nc3 Nb5 25. Ne2 a6 26. a4 Nd4 27. b5 Nxb5 28. axb5 Bxb5 29. Bxb5 Qxb5 30. Nc3 Qc4 31. Rb1 Rd4 32. Qb2 Qxc5 33. Qxb7+ Kd7 34. Qxa6 Rxf4 35. Rd3+ Ke7 36. Rbd1 g5 37. Rd7+ Kf8 38. Qc8+ Kg7 39. Qxc7 Qxc7 40. Rxc7 Rd8 41. Ra1 Ra8 42. Re1 Ra5 43. h3 Rf5 44. Kh2 Raxe5 45. Rxe5 Rxe5 46. Kg3 Kg6 47. Kf3 f5 48. Ne2 g4+ 49. hxg4 fxg4+ 50. Kf2 h5 51. Rc6 h4 52. Rc8 Rf5+ 53. Ke1 h3 54. Rg8+ Kf7 55. Rxg4 hxg2 56. Rxg2 Kf6 57. Rg3 Rg5 58. Rf3+ Rf5 59. Re3 Re5 60. Rb3 Ke7 61. Kd2 Rd5+ 62. Ke3 Re5+ 63. Kf3 Rf5+ 64. Kg4 Kf6 65. Rb8 Rg5+ 66. Kh4 Re5 67. Nf4 Re4 68. Kg3 Ke5 69. Re8 Rxf4 70. Rxe6+ Kxe6 71. Kxf4 1/2-1/2

[Event "Olympiad Women 2024"]
[Site "Budapest HUN"]
[Date "2024.09.16"]
[Round "6.50"]
[Board "3"]
[White "Teshome, Wubrist Bekele"]
[Black "Munoz Cortez, Anahi Alexandra"]
[Result "0-1"]
[WhiteElo "1614"]
[BlackElo "1868"]
[PlyCount "101"]
[EventDate "2024.09.11"]
[WhiteTeam "Ethiopia"]
[BlackTeam "Nicaragua"]
[WhiteTeamCountry "ETH"]
[BlackTeamCountry "NCA"]

1. e4 e6 2. Nf3 d5 3. e5 c5 4. d4 Nc6 5. Be3 Qb6 ({RR} 5... Nh6 6. dxc5 Nf5 7. Bf4 Bxc5 8. Bd3 h6 9. h4 Qb6 10. O-O Qxb2 11. Nbd2 Qb6 12. Rb1 Qc7 13. c4 Qe7 14. Bxf5 exf5 15. cxd5 Nb4 16. Nc4 O-O 17. Qd2 a5 18. Rfc1 b6 19. a3 Na6 20. Nxb6 {½-½ Freile Martin,J (2370)-Bhat,V (2431) Internet Section 08B g/8'+2" blitz 2004 (5)}) 6. dxc5 ({RR} 6. Nc3 Qxb2 7. Na4 Qb4+ 8. c3 Qa5 9. Bd2 Qc7 10. Bb5 a6 11. Bxc6+ Qxc6 12. Bf4 b5 13. Nxc5 Bxc5 14. dxc5 Qxc5 15. O-O b4 16. cxb4 Qxb4 17. Qc1 Bd7 18. Rb1 Qc4 19. Qxc4 dxc4 20. Ng5 h6 {½-½ Puszko,S-Kurzyniec,K POL-ch U08 Poland 2022 (1)}) 6... Bxc5 7. Bxc5 Qxc5 8. a3 $146 ({RR} 8. Nbd2 Bd7 9. Nb3 Qb6 10. Qd2 Nge7 11. g4 O-O 12. Bd3 Ng6 13. Qc3 Rac8 14. Nc5 Rfd8 15. Nxd7 Rxd7 16. O-O-O Rdc7 17. a3 Na5 18. Qb4 Qxb4 19. axb4 Nc6 20. Bxg6 hxg6 21. b5 Nd8 22. Nd4 b6 {0-1 Ragnini,D-Cerusico,C Porto Sant Elpidio op 2000 (3)}) ({RR} 8. Nbd2 Nh6 9. Nb3 Qb6 10. h3 Qc7 11. Bb5 O-O 12. Bxc6 bxc6 13. Qd4 Nf5 14. Qf4 c5 15. O-O Bd7 16. g4 Ne7 17. g5 Ng6 18. Qg3 Rab8 19. h4 Rb4 20. c3 Nf4 21. Nc1 Nh5 22. Qg2 Rxb2 {0-1 Ragnini,D-Morici,M Porto Sant Elpidio op 2000 (1)}) ({RR} 8. Nc3 Nge7 9. Bd3 Bd7 10. Nb5 O-O 11. O-O Ng6 12. Bxg6 fxg6 13. Nbd4 Nxd4 14. Nxd4 Rac8 15. Qd3 Rf4 16. Rad1 Qc4 17. b3 Qxd3 18. Rxd3 Re4 19. f4 g5 20. g3 gxf4 21. gxf4 Rf8 22. a4 Rexf4 {0-1 Klopstra,F-Roelofs,I (1407) NED-ch U15 Girls 2009 (4)}) 8... Nge7 9. Bd3 Bd7 10. O-O Ng6 11. Re1 Qb6 12. b4 a5 13. bxa5 Rxa5 14. Nc3 Qb2 15. Nb5 Rxb5 16. Bxb5 Qxb5 17. Re3 Qc5 18. Rb1 Na5 19. Nd4 Nc4 20. Reb3 b6 21. Nf3 O-O 22. Nd2 Ngxe5 23. Nxc4 Nxc4 24. Rc3 Rc8 25. Rb4 Qe7 26. Qd4 Qf6 27. Qxf6 gxf6 28. h4 Ra8 29. Rg3+ Kh8 30. h5 h6 31. Rbb3 Ba4 32. Rbc3 Rg8 33. Rxg8+ Kxg8 34. Kh2 f5 35. Kh3 Kg7 36. f4 Kf6 37. g3 Ke7 38. g4 fxg4+ 39. Kxg4 Bxc2 40. Kh4 Be4 41. a4 Kd6 42. Rg3 Kc5 43. Rg7 Nd6 44. Rg1 d4 45. Kg3 Nc4 46. Kf2 Bc2 47. Rg7 d3 48. Rxf7 d2 49. Rd7 d1=Q 50. Rxd1 Bxd1 51. Kg3 0-1